| 000 | 01689nam a2200313Ia 4500 | ||
|---|---|---|---|
| 999 |
_c42804 _d42804 |
||
| 001 | 9510 | ||
| 003 | GE_BSU | ||
| 005 | 20191016123132.0 | ||
| 008 | 181216s2012||||ge |||||||||||||| ||geo|| | ||
| 020 | _a9789941927591 | ||
| 040 | _cGE_BSU | ||
| 041 | _ageo | ||
| 080 | _a003.074+37.016:003-028.31 ა–40 | ||
| 245 |
_aაკადემიური წერა : _bსახელმძღვ. / _cმაია კიკვაძე, ნანა ცეცხლაძე, ნათელა ფარტენაძე და სხვ.; რედ. მ. ფაღავა. |
||
| 250 | _aმეორე გამოცემა | ||
| 264 |
_aთბილისი : _bივერიონი, _c2012. |
||
| 300 |
_a160 გვ.; _b29 სმ. |
||
| 501 | _aდანართები: გვ.147-157. | ||
| 504 | _aბიბლ. გვ. :158. | ||
| 653 | _aაკადემიური წერა | ||
| 700 |
_aფაღავა, მ. _eრედაქტორი _91854 |
||
| 700 |
_aკიკვაძე, მაია _eავტორი _92148 |
||
| 700 |
_aცეცხლაძე, ნანა _eავტორი _94739 |
||
| 700 |
_aფარტენაძე, ნათელა _eავტორი _94740 |
||
| 700 |
_aახვლედიანი, დიანა _eავტორი _94741 |
||
| 700 |
_aხახუტაიშვილი, მზია _eავტორი _94742 |
||
| 710 |
_aბათუმის შოთა რუსთაველის სახელმწიფო უნივერსიტეტი _bქართული ფილოლოგიის დეპარტამენტი _94743 |
||
| 942 |
_cBK _2udc |
||